[Event "Cto. Equipos de Navarra DH 2018"]
[Site "?"]
[Date "2018.11.03"]
[Round "4"]
[White "Ramos Dominguez, Joaquin"]
[Black "Argandona Salinas, Gorka"]
[Result "1/2-1/2"]
[EventDate "2018.??.??"]
[EventCountry "ESP"]
[EventType "team"]
[EventRounds "7"]
[WhiteElo "2091"]
[BlackElo "2086"]

1.e4 e6 2.d3 d5 3.Nd2 dxe4 4.dxe4 e5 5.Ngf3 Bc5 6.Bd3 Nf6 7.O-O Bg4 8.h3 Bxf3
9.Nxf3 Nbd7 10.Bd2 Qe7 11.a3 O-O 12.b4 Bd6 13.Re1 c5 14.b5 Rac8 15.c4 Rfe8
16.Bf1 Nf8 17.Bg5 Rcd8 18.Nh4 g6 19.Qf3 Kg7 20.Qg3 Ne6 21.Bxf6 Kxf6 22.Rad1 Bc7
23.Rxd8 Rxd8 24.Nf5 Qf8 25.Qh4 Ng5 26.Ne3 Ba5 27.Re2 h6 28.Ng4 Ke6 29.Nxh6 f6
30.Qg4 Ke7 31.h4 Qxh6 32.hxg5 Qxg5 33.Qxg5 1/2-1/2

[Event "Cto. Equipos de Navarra DH 2018"]
[Site "?"]
[Date "2018.11.03"]
[Round "4"]
[White "Leranoz Zabalza, Adrian"]
[Black "Huarte Zozaya, Aitor"]
[Result "1-0"]
[EventDate "2018.??.??"]
[EventCountry "ESP"]
[EventType "team"]
[EventRounds "7"]
[WhiteElo "2068"]
[BlackElo "1992"]

1.e4 e6 2.d3 d5 3.Qe2 Nc6 4.Nf3 e5 5.exd5 Qxd5 6.Nc3 Bb4 7.Bd2 Bxc3 8.Bxc3 Bg4
9.h3 Bxf3 10.Qxf3 Qxf3 11.gxf3 Nd4 12.O-O-O O-O-O 13.Re1 f6 14.f4 exf4 15.Re4
Nb5 16.Bd2 Nd6 17.Ra4 g5 18.h4 Kb8 19.hxg5 fxg5 20.Bc3 Ne7 21.Bxh8 Rxh8 22.Ra5
b5 23.d4 Nc6 24.Ra3 Ne4 25.Rah3 Nxd4 26.Rxh7 Rxh7 27.Rxh7 Nxf2 28.Rg7 g4 29.c3
Nf5 30.Rf7 Ne3 31.Bxb5 g3 32.Bc6 a6 33.Rg7 Nd3 34.Kd2 Nxb2 35.Ke2 Nbd1 36.c4 Nc3
37.Kd2 Nxa2 38.c5 Nc4 39.Ke1 Nb6 40.Rg8 Ka7 41.cxb6 Kxb6 42.Bf3 Nb4 43.Kd2 Kc5
44.Rf8 1-0

[Event "Cto. Equipos de Navarra DH 2018"]
[Site "?"]
[Date "2018.11.03"]
[Round "4"]
[White "Garralda Ruiz, Ander"]
[Black "Lazkoz Diez, Oskar"]
[Result "0-1"]
[EventDate "2018.??.??"]
[EventCountry "ESP"]
[EventType "team"]
[EventRounds "7"]
[WhiteElo "1887"]
[BlackElo "1839"]

1.e4 Nf6 2.e5 Nd5 3.d4 d6 4.Nf3 Bg4 5.Bc4 dxe5 6.dxe5 e6 7.O-O Be7 8.Nbd2 O-O
9.Ne4 Nc6 10.Be2 Bxf3 11.Bxf3 Nxe5 12.Be2 Nf6 13.Bf4 Nxe4 14.Bxe5 Bd6 15.Qd4 Nf6
16.Bxf6 Qxf6 17.Qxf6 gxf6 18.Rad1 Rad8 19.Rd3 Be5 20.Rfd1 Rxd3 21.Rxd3 Bxb2
22.Rd7 Be5 23.Bh5 Bd6 24.Kf1 f5 25.h3 Kg7 26.g4 h6 27.gxf5 exf5 28.Bf3 b5 29.Bd5
Kf6 30.f3 h5 31.Kf2 h4 32.Kf1 a5 33.c4 b4 34.c5 Bg3 35.Bb3 Re8 36.Rxf7 Kg6
37.Rd7 Re1 38.Kg2 a4 39.Bc4 Rc1 40.Rd4 Rc2 41.Kg1 Bf2 0-1

[Event "Cto. Equipos de Navarra DH 2018"]
[Site "?"]
[Date "2018.11.03"]
[Round "4"]
[White "Alfaro Pinero, Asier"]
[Black "Roviralta Montero, Axel"]
[Result "1/2-1/2"]
[EventDate "2018.??.??"]
[EventCountry "ESP"]
[EventType "team"]
[EventRounds "7"]
[WhiteElo "1790"]
[BlackElo "1813"]

1.d4 b5 2.Nf3 e6 3.g3 Bb7 4.Bg2 c5 5.c3 Nf6 6.O-O a5 7.Bg5 Qb6 8.Bxf6 gxf6 9.a3
Na6 10.Nbd2 f5 11.Nb3 c4 12.Nbd2 Rc8 13.Re1 Bxf3 14.Bxf3 d5 15.Bg2 h5 16.f3 h4
17.e4 hxg3 18.hxg3 Bd6 19.Nf1 dxe4 20.fxe4 Rg8 21.Qf3 fxe4 22.Rxe4 Qb8 23.Rae1
Nc7 1/2-1/2

[Event "Cto. Equipos de Navarra DH 2018"]
[Site "?"]
[Date "2018.11.03"]
[Round "4"]
[White "Zaratiegui Cardesa, Jose"]
[Black "Gastesi Urroz, Mikel"]
[Result "0-1"]
[EventDate "2018.??.??"]
[EventCountry "ESP"]
[EventType "team"]
[EventRounds "7"]
[WhiteElo "1767"]
[BlackElo "1688"]

1.c4 Nf6 2.g3 g6 3.Bg2 Bg7 4.Nf3 d6 5.O-O O-O 6.d4 Re8 7.Nc3 Nc6 8.Bf4 Bg4 9.Qd2
Qd7 10.Rad1 Bh3 11.d5 Nb8 12.e4 Bxg2 13.Kxg2 e5 14.dxe6 Qxe6 15.e5 dxe5 16.Nxe5
Nc6 17.Rfe1 Nxe5 18.Rxe5 Qxc4 19.Rde1 Rxe5 20.Rxe5 Nh5 21.Re4 Qc6 22.f3 Nxf4
23.Qxf4 Bxc3 24.bxc3 Qxc3 25.Rc4 Qb2 26.Kh3 Qxa2 27.Rxc7 b6 28.g4 Qd5 29.Re7 a5
30.Re5 Qd7 31.Qe3 b5 32.Re7 Qd5 33.Re5 Qc6 34.Qd3 b4 35.Rxa5 Rxa5 36.Qd8 Kg7
37.Qxa5 Qxf3 38.Kh4 Qf6 39.Kh3 Qf3 40.Kh4 b3 41.g5 Qf4 0-1

[Event "Cto. Equipos de Navarra DH 2018"]
[Site "?"]
[Date "2018.11.03"]
[Round "4"]
[White "Elia Aldave, Inigo"]
[Black "Garisoain Ardanaz, Alvaro"]
[Result "0-1"]
[EventDate "2018.??.??"]
[EventCountry "ESP"]
[EventType "team"]
[EventRounds "7"]
[WhiteElo "1693"]
[BlackElo "1665"]

1.e4 d6 2.d4 Nf6 3.Nc3 Nbd7 4.Bc4 e5 5.Nf3 Be7 6.g4 exd4 7.Bxf7 Kxf7 8.Ng5 Kg8
9.Qxd4 Ne5 10.f4 c5 11.Qa4 Nf7 12.Qb3 d5 13.exd5 Bd6 14.Ne6 Qe7 15.Bd2 Nxg4
16.O-O-O Nf2 17.Rhg1 Bxe6 18.dxe6 Nxd1 19.Ne4 Rd8 20.f5 Be5 21.f6 Bxb2 22.Kxd1
Bxf6 23.exf7 Kf8 24.Nxf6 Qxf6 25.Ke2 Rxd2 26.Kxd2 Qf2 27.Kd3 Qxg1 28.Qxb7 Qg6
29.Kd2 Qxf7 30.Qc8 Qe8 31.Qxc5 Kf7 32.Qf5 Ke7 33.Qe5 Kd7 34.Qd5 Kc7 35.Qa5 Kb8
36.Qb4 Ka8 0-1

[Event "Cto. Equipos de Navarra DH 2018"]
[Site "?"]
[Date "2018.11.03"]
[Round "4"]
[White "Garbisu de Goni, Unai"]
[Black "Esparza Martinez, Javier Ignacio"]
[Result "1-0"]
[EventDate "2018.??.??"]
[EventCountry "ESP"]
[EventType "team"]
[EventRounds "7"]
[WhiteElo "2430"]
[BlackElo "1954"]

1.e4 e6 2.d4 d5 3.Nd2 Nf6 4.e5 Nfd7 5.f4 c5 6.c3 Nc6 7.Ndf3 Qb6 8.Ne2 f6 9.exf6
Nxf6 10.Qb3 Be7 11.Be3 Na5 12.Qc2 Nc4 13.Bc1 Ng4 14.Ne5 Nge3 15.Qa4 Kf8 16.Nxc4
Nxc4 17.b3 Qa5 18.Qxa5 Nxa5 19.dxc5 b6 20.cxb6 axb6 21.Nd4 Bf6 22.Bb2 Bd7 23.Bd3
g6 24.Kd2 Kg7 25.Nf3 Nb7 26.Rhe1 Nc5 27.Ne5 Bc8 28.Ng4 Nxd3 29.Kxd3 Rd8 30.a4
Be7 31.Ba3 Bf6 32.Nxf6 Kxf6 33.Kd4 Bb7 34.Re5 Re8 35.Bd6 Rac8 36.Re3 Rc6 37.Be5
Kf7 38.Kd3 Ba6 39.Kd2 Rc5 40.g4 Bc8 41.Rh3 Kg8 42.Rd3 Ba6 43.Rd4 Rec8 44.Rb4
R5c6 45.Re1 Kf7 46.Re3 Kg8 47.h4 Rf8 48.Rh3 Rf7 49.Rh2 h5 50.gxh5 gxh5 51.Rg2
Kf8 52.Rg5 Rf5 53.Rg6 Kf7 54.Rg7 Kf8 55.Rh7 Bf1 56.Ke3 Kg8 57.Rh8 Kf7 58.Bd4 1-0

[Event "Cto. Equipos de Navarra DH 2018"]
[Site "?"]
[Date "2018.11.03"]
[Round "4"]
[White "Cemborain Oricain, Alfonso"]
[Black "Ortega Lopez, Mikel"]
[Result "0-1"]
[EventDate "2018.??.??"]
[EventCountry "ESP"]
[EventType "team"]
[EventRounds "7"]
[WhiteElo "1902"]
[BlackElo "2254"]

1.e4 c5 2.Nf3 Nc6 3.Bb5 e5 4.O-O Bd6 5.c3 a6 6.Ba4 b5 7.Bc2 Nge7 8.d4 cxd4
9.cxd4 exd4 10.Nxd4 Nxd4 11.Qxd4 Qc7 12.h3 Bb7 13.Bb3 O-O 14.Rd1 Bc5 15.Qxd7 Qb6
16.Nc3 Rad8 17.Qg4 Bxf2 18.Kh1 Rxd1 19.Qxd1 Ng6 20.Qh5 Bd4 21.Nd5 Qd6 22.Bd2 Qg3
23.Qf3 Qxf3 24.gxf3 Bxb2 25.Rb1 Be5 26.Bb4 Re8 27.Rd1 h6 28.Ne3 Bc8 29.Ng4 Be6
30.Nxe5 Nxe5 31.Bxe6 Rxe6 32.Rd8 Kh7 33.Kg2 Nc6 0-1

[Event "Cto. Equipos de Navarra DH 2018"]
[Site "?"]
[Date "2018.11.03"]
[Round "4"]
[White "Navarrete Delgado, Sergio"]
[Black "Ruiz Escobar, Rafael"]
[Result "1/2-1/2"]
[EventDate "2018.??.??"]
[EventCountry "ESP"]
[EventType "team"]
[EventRounds "7"]
[WhiteElo "2200"]
[BlackElo "1888"]

1.e4 c5 2.Nc3 d6 3.g3 Nc6 4.Bg2 Nf6 5.d3 g6 6.Nge2 Bg7 7.Be3 Ng4 8.Bd2 Nd4 9.h3
Nf6 10.O-O O-O 11.Qc1 Bd7 12.Nxd4 cxd4 13.Ne2 e5 14.c4 dxc3 15.bxc3 Rc8 16.Rb1
Bc6 17.Bh6 Nd7 18.Bxg7 Kxg7 19.Qa3 Nc5 20.c4 Kg8 21.f4 exf4 22.Rxf4 Qe7 23.Rbf1
f5 24.Nd4 fxe4 25.Nxc6 bxc6 26.Rxf8 Rxf8 27.Rxf8 Kxf8 28.dxe4 a6 29.Qb2 Qe5
30.Qb8 Kg7 31.Qc7 Kh6 32.Qxc6 Qxg3 33.Qe8 Qe3 1/2-1/2

[Event "Cto. Equipos de Navarra DH 2018"]
[Site "?"]
[Date "2018.11.03"]
[Round "4"]
[White "Apesteguia Domaica, Jose Antonio"]
[Black "Soriano Ascaso, Ignacio"]
[Result "1/2-1/2"]
[EventDate "2018.??.??"]
[EventCountry "ESP"]
[EventType "team"]
[EventRounds "7"]
[WhiteElo "1852"]
[BlackElo "2170"]

1.d4 d5 2.c4 c6 3.Nf3 Nf6 4.Nc3 dxc4 5.a4 Bf5 6.e3 e6 7.Bxc4 Nbd7 8.O-O Be7
9.Qe2 O-O 10.e4 Bg4 11.e5 Nd5 12.Nxd5 cxd5 13.Bd3 Bh5 14.Be3 Nb8 15.Rac1 Nc6
16.h3 a6 17.g4 Bg6 18.Bxg6 hxg6 19.b3 Qb6 20.Qd3 Rac8 21.Bd2 Ba3 22.Rc2 Rc7
23.Ra1 Nb4 24.Bxb4 Bxb4 25.Rac1 Rfc8 26.Kf1 Ba3 27.Rxc7 Rxc7 28.Rc2 Rc6 29.h4
Qc7 30.Ne1 Be7 31.g5 Qb6 32.Rxc6 bxc6 33.Nc2 c5 34.dxc5 Bxc5 35.Ne3 Bxe3 36.Qxe3
Qb4 37.f4 d4 38.Qd3 Qb7 39.Qxd4 Qxb3 40.Kg2 Kh7 41.Qe4 a5 42.Qc6 Qb4 43.Kf3 Qe1
44.Qb5 Qxh4 45.Qxa5 Qh3 46.Kf2 Qh2 47.Kf3 Qh1 48.Kg3 Qg1 49.Kf3 Qd1 50.Kg3 Qd3
51.Kg4 Qe2 52.Kg3 Qe3 53.Kg4 Qe2 54.Kg3 Qd3 55.Kg4 Qe2 56.Kg3 Qe3 57.Kg4 Qe2
58.Kg3 1/2-1/2

[Event "Cto. Equipos de Navarra DH 2018"]
[Site "?"]
[Date "2018.11.03"]
[Round "4"]
[White "Sevilla Subiza, Javier"]
[Black "Gonzalez Pabollet, Jesus Maria S"]
[Result "1-0"]
[EventDate "2018.??.??"]
[EventCountry "ESP"]
[EventType "team"]
[EventRounds "7"]
[WhiteElo "2125"]
[BlackElo "1812"]

1.d4 Nf6 2.Bg5 d5 3.Bxf6 gxf6 4.c4 c6 5.e3 Bf5 6.Nc3 e6 7.Bd3 Bxd3 8.Qxd3 Na6
9.c5 e5 10.Nge2 Bh6 11.Ng3 Nb4 12.Qe2 e4 13.O-O Qd7 14.a3 Na6 15.Qh5 Bf8 16.b4
Nc7 17.Rab1 h6 18.a4 a6 19.f3 exf3 20.Qxf3 Be7 21.Nh5 O-O-O 22.b5 Qe6 23.bxc6
bxc6 24.Ng7 Qd7 25.Rb6 Rhg8 26.Rfb1 Nb5 27.Nf5 Qc7 28.axb5 axb5 29.Rxc6 1-0

[Event "Cto. Equipos de Navarra DH 2018"]
[Site "?"]
[Date "2018.11.03"]
[Round "4"]
[White "Garcia Mina, Daniel"]
[Black "Cinza Lopez, Javier"]
[Result "0-1"]
[EventDate "2018.??.??"]
[EventCountry "ESP"]
[EventType "team"]
[EventRounds "7"]
[WhiteElo "1736"]
[BlackElo "2082"]

1.e4 e6 2.d4 d5 3.exd5 exd5 4.Nf3 Bd6 5.Nc3 c6 6.Be2 Bf5 7.Be3 Nd7 8.Qd2 Qc7
9.Bd3 Bg4 10.Be2 Ngf6 11.h3 Bf5 12.Bd3 Bg6 13.Ne2 Ne4 14.Qd1 O-O-O 15.Ng5 Ndf6
16.Nxe4 Nxe4 17.Bxe4 dxe4 18.Nc3 f5 19.Qe2 f4 20.Bd2 e3 21.fxe3 fxe3 22.Qg4 Kb8
23.Bxe3 Rde8 24.Kd2 Qb6 25.Rab1 Rhf8 26.Rhe1 Bf5 27.Qe2 g5 28.g4 Rxe3 29.Qc4 Be6
30.d5 Rf2 31.Re2 Rexe2 0-1

[Event "Cto. Equipos de Navarra DH 2018"]
[Site "?"]
[Date "2018.11.03"]
[Round "4"]
[White "Mombiela Martinez, Gonzalo"]
[Black "Martinez Lasanta, Raul"]
[Result "1/2-1/2"]
[EventDate "2018.??.??"]
[EventCountry "ESP"]
[EventType "team"]
[EventRounds "7"]
[WhiteElo "2101"]
[BlackElo "1751"]

1.e4 c6 2.d4 d5 3.f3 dxe4 4.fxe4 e5 5.Nf3 Be6 6.Nc3 exd4 7.Bg5 Qa5 8.Qxd4 f6
9.Bd2 Bc5 10.Qd3 Qc7 11.g3 Na6 12.a3 Rd8 13.Qe2 Bg4 14.Bg2 Bd6 15.Be3 Be5 16.Nd1
Ne7 17.O-O Bxf3 18.Rxf3 O-O 19.c3 Kh8 20.Bxa7 c5 21.b4 Nc6 22.Bxc5 Nxc5 23.bxc5
Qa5 24.Qc4 Rd2 25.Nf2 Rfd8 26.Rb1 Qxa3 27.Rxb7 Qc1 28.Bf1 Na5 29.Qf7 Nxb7
30.Qxb7 Bxc3 31.Rd3 R2xd3 32.Nxd3 Qe3 33.Kg2 Qd2 34.Kh3 h6 35.Nf4 Qd7 36.Qxd7
Rxd7 37.c6 Rc7 38.Bb5 Be5 39.Nd5 Rc8 40.Kg4 Kh7 41.Kf5 Re8 42.Nf4 Bc7 43.Nd3 g6
44.Kxf6 Rxe4 45.Nf2 Rb4 46.Bd3 Rb2 47.Bxg6 Kh8 48.Ng4 Rb6 49.Be8 h5 50.Ne3 h4
51.gxh4 Bxh2 52.h5 Rb3 53.Nf5 Rf3 54.Kg6 Rxf5 55.Kxf5 Bc7 56.Kg6 Be5 57.h6 Bc7
1/2-1/2

[Event "Cto. Equipos de Navarra DH 2018"]
[Site "?"]
[Date "2018.11.03"]
[Round "4"]
[White "Oyaga Valencia, Jesus Maria"]
[Black "Monje Peinado, Roberto"]
[Result "0-1"]
[EventDate "2018.??.??"]
[EventCountry "ESP"]
[EventType "team"]
[EventRounds "7"]
[WhiteElo "1643"]
[BlackElo "2014"]

1.d4 f5 2.c4 Nf6 3.Nc3 g6 4.Nf3 Bg7 5.e3 O-O 6.Bd3 d6 7.O-O Nc6 8.d5 Ne5 9.Nxe5
dxe5 10.e4 f4 11.f3 g5 12.Be2 a6 13.a3 Qe8 14.Qe1 g4 15.Qh4 Qg6 16.Kh1 g3
17.hxg3 Nh5 18.Qxe7 Nxg3 19.Kg1 Nxf1 20.Bxf1 Bf6 21.Qxc7 Bd8 22.Qxe5 Bb6 0-1

[Event "Cto. Equipos de Navarra DH 2018"]
[Site "?"]
[Date "2018.11.03"]
[Round "4"]
[White "Reinaldo Castineira, Roi"]
[Black "Del Rio Mayayo, Pablo Juan"]
[Result "1-0"]
[EventDate "2018.??.??"]
[EventCountry "ESP"]
[EventType "team"]
[EventRounds "7"]
[WhiteElo "2483"]
[BlackElo "2118"]

1.d4 f5 2.Bg5 g6 3.Nc3 Bg7 4.e4 fxe4 5.Nxe4 d5 6.Nc5 b6 7.Nd3 Bxd4 8.Nf3 Bg7
9.Qe2 Nf6 10.O-O-O O-O 11.Nde5 Ne4 12.Qxe4 dxe4 13.Bc4 e6 14.Rxd8 Rxd8 15.Bxd8
exf3 16.Nxf3 Nc6 17.Bxc7 Na5 18.Bb5 Bb7 19.Bd7 Kh8 20.Re1 Bd5 21.Bxe6 Bxe6
22.Rxe6 Nc4 23.b3 Na3 24.c4 1-0

[Event "Cto. Equipos de Navarra DH 2018"]
[Site "?"]
[Date "2018.11.03"]
[Round "4"]
[White "Lisarri Tomas, Antonio"]
[Black "Narciso Dublan, Marc"]
[Result "0-1"]
[EventDate "2018.??.??"]
[EventCountry "ESP"]
[EventType "team"]
[EventRounds "7"]
[WhiteElo "1960"]
[BlackElo "2490"]

1.c4 e5 2.g3 c6 3.Bg2 d5 4.Qc2 Nf6 5.d3 Be6 6.Nf3 Nbd7 7.O-O Be7 8.Nbd2 O-O 9.b3
d4 10.Re1 Qc7 11.e3 c5 12.exd4 cxd4 13.a3 Rfe8 14.b4 h6 15.h3 Bf5 16.Bb2 Bf8
17.Rac1 Rac8 18.c5 Be6 19.Ne4 Nh7 20.g4 Be7 21.Ng3 Nhf8 22.Qe2 Ng6 23.Nh5 Bd5
24.Nh4 Bxg2 25.Nxg2 Bg5 26.Rc4 Ndf8 27.Qe4 Ne6 28.Bc1 Bxc1 29.Rexc1 Ng5 30.Qf5
Ne7 31.Nf6 gxf6 32.Qxf6 Qc6 33.Qxc6 bxc6 34.Kh2 Nd5 35.Kg3 Rcd8 36.a4 Nc3 37.Nh4
Ne2 0-1

[Event "Cto. Equipos de Navarra DH 2018"]
[Site "?"]
[Date "2018.11.03"]
[Round "4"]
[White "Jimenez Almeida, Luis David"]
[Black "Gamazo de la Rasilla, Javier"]
[Result "1-0"]
[EventDate "2018.??.??"]
[EventCountry "ESP"]
[EventType "team"]
[EventRounds "7"]
[WhiteElo "2271"]
[BlackElo "1895"]

1.e4 Nf6 2.e5 Nd5 3.d4 Nc6 4.c4 Nb6 5.c5 Nd5 6.Bc4 e6 7.Nc3 Nxc3 8.bxc3 d6
9.cxd6 cxd6 10.exd6 Bxd6 11.Nf3 Qa5 12.Bd2 b5 13.Bd3 b4 14.c4 Qh5 15.h3 Bb7
16.Qe2 Ne7 17.d5 exd5 18.g4 dxc4 19.gxh5 cxd3 20.Qxd3 Rd8 21.Qe2 O-O 22.O-O Rfe8
23.Rfe1 Bc8 24.Kg2 Bb7 25.h6 Bc5 26.Bg5 Rd5 27.Bxe7 Rxe7 28.Qxe7 Bxe7 29.Rxe7
Bc6 30.Rc1 Kf8 31.hxg7 1-0

[Event "Cto. Equipos de Navarra DH 2018"]
[Site "?"]
[Date "2018.11.03"]
[Round "4"]
[White "Hernandez Barricarte, Miguel A"]
[Black "Martinez Martin, Inigo"]
[Result "0-1"]
[EventDate "2018.??.??"]
[EventCountry "ESP"]
[EventType "team"]
[EventRounds "7"]
[WhiteElo "1878"]
[BlackElo "2136"]

1.d4 c6 2.c4 d5 3.Nf3 Nf6 4.e3 g6 5.Nc3 Bg7 6.Be2 O-O 7.O-O Nbd7 8.b4 a5 9.b5
Ne4 10.Nxe4 dxe4 11.Nd2 f5 12.bxc6 bxc6 13.Bb2 e5 14.d5 c5 15.Rb1 a4 16.a3 Qc7
17.Qc2 Nf6 18.Bc3 Ra6 19.Rb2 g5 20.Rfb1 g4 21.Rb5 Nd7 22.Nf1 h5 23.Qd2 Qd6
24.Qc2 Qg6 25.Nd2 h4 26.Bf1 g3 27.fxg3 hxg3 28.h3 Qg5 29.Re1 Qh4 30.Nb1 Rh6
31.Qd2 Rhf6 32.Qc2 R6f7 33.Ra5 f4 34.Qxe4 Nf6 35.Qc2 Bxh3 36.Bxe5 Bf5 37.Bd3 Bg4
0-1

[Event "Cto. Equipos de Navarra DH 2018"]
[Site "?"]
[Date "2018.11.03"]
[Round "4"]
[White "Sanchez Carayol, Jesus Carlos"]
[Black "Juanco Elizari, Felix Javier"]
[Result "0-1"]
[EventDate "2018.??.??"]
[EventCountry "ESP"]
[EventType "team"]
[EventRounds "7"]
[WhiteElo "2093"]
[BlackElo "1705"]

1.e4 d6 2.d4 Nf6 3.Nc3 g6 4.Nf3 Bg7 5.h3 c6 6.Be2 O-O 7.O-O Qc7 8.Bf4 Nbd7 9.Qd2
e5 10.Bh6 b5 11.a3 a6 12.Bxg7 Kxg7 13.Rad1 Ne8 14.Nh2 Ndf6 15.f4 exd4 16.Qxd4 c5
17.Qe3 b4 18.e5 bxc3 19.exf6 Nxf6 20.Qxc3 Qe7 21.Bf3 Rb8 22.Rfe1 Qd8 23.Re2 Qb6
24.b3 c4 25.Kh1 cxb3 26.cxb3 Qxb3 27.Qa1 Rb6 28.Red2 Rd8 29.Ng4 d5 30.Bxd5 Qg3
31.Nxf6 Rxf6 32.Rd3 Qh4 33.Rd4 Rfd6 34.f5 Qf6 35.fxg6 hxg6 36.Rf1 Bf5 37.g4 Rxd5
38.Rxd5 Qxa1 39.Rxa1 Be4 40.Kh2 Rxd5 41.Re1 Bd3 42.Ra1 Ra5 43.Kg3 Be4 44.h4 f6
45.Kf4 Ra4 46.Kg3 {ilegible} 0-1

[Event "Cto. Equipos de Navarra DH 2018"]
[Site "?"]
[Date "2018.11.03"]
[Round "4"]
[White "Ruiz Turrillas, Alfredo"]
[Black "Lopez Orois, Jose Manuel"]
[Result "1-0"]
[EventDate "2018.??.??"]
[EventCountry "ESP"]
[EventType "team"]
[EventRounds "7"]
[WhiteElo "1753"]
[BlackElo "2034"]

1.Nc3 d5 2.d4 Nf6 3.g3 Bf5 4.Bg2 e6 5.Nf3 Be7 6.Nh4 Bg4 7.h3 Bh5 8.Nf3 Nbd7
9.Bf4 c6 10.Ne5 Nxe5 11.Bxe5 O-O 12.O-O Nd7 13.Bf4 g5 14.g4 gxf4 15.gxh5 f5
16.e3 fxe3 17.fxe3 Nf6 18.Kh1 Kh8 19.Qe2 Qe8 20.Bf3 Qf7 21.Rg1 Rg8 22.Raf1 Bd6
23.Nd1 Rxg1 24.Rxg1 Rg8 25.Rxg8 Qxg8 26.Qg2 Qxg2 27.Kxg2 Kg7 28.b3 Kh6 29.c4
Nxh5 30.c5 Bc7 31.b4 e5 32.b5 exd4 33.bxc6 bxc6 34.Bxh5 Kxh5 35.exd4 Kg5 36.Kf3
Ba5 37.a4 Kf6 38.Ke3 Kg5 39.Kf3 Bd2 40.Ke2 Bc1 41.Nc3 Bb2 42.Nxd5 cxd5 1-0

[Event "Cto. Equipos de Navarra DH 2018"]
[Site "?"]
[Date "2018.11.03"]
[Round "4"]
[White "Zamarbide Inarrea, Borja"]
[Black "Marin Salvador, Ruben"]
[Result "1-0"]
[EventDate "2018.??.??"]
[EventCountry "ESP"]
[EventType "team"]
[EventRounds "7"]
[WhiteElo "2038"]
[BlackElo "1652"]

1.e4 c5 2.Nc3 e6 3.Nf3 a6 4.d4 cxd4 5.Nxd4 Qc7 6.Be2 Nf6 7.O-O Bb4 8.Qd3 Nc6
9.Kh1 Ne5 10.Qg3 Be7 11.f4 Nc6 12.Nxc6 dxc6 13.e5 Nd5 14.Qxg7 Rf8 15.Ne4 Bd7
16.c4 O-O-O 17.cxd5 exd5 18.Nd6 Bxd6 19.exd6 Qxd6 20.Qe5 Qg6 21.f5 1-0

[Event "Cto. Equipos de Navarra DH 2018"]
[Site "?"]
[Date "2018.11.03"]
[Round "4"]
[White "Ruiz Echeverria, Unai"]
[Black "Lizuain Toni, Javier"]
[Result "0-1"]
[EventDate "2018.??.??"]
[EventCountry "ESP"]
[EventType "team"]
[EventRounds "7"]
[WhiteElo "1563"]
[BlackElo "1801"]

1.e4 e5 2.Nf3 Nc6 3.Bc4 Nf6 4.Ng5 d5 5.exd5 Na5 6.Bb5 c6 7.dxc6 bxc6 8.Ba4 h6
9.Nf3 e4 10.Ne5 Qd4 11.Bxc6 Nxc6 12.Nxc6 Qc5 13.Nxa7 Qxa7 14.h3 Ba6 15.d3 Bc5
16.O-O O-O 17.Nd2 exd3 18.c3 Rfe8 19.Qf3 Rad8 20.b4 Bb6 21.Bb2 Re2 22.Rad1 Bb7
23.Qf4 Be3 24.Qg3 Bxd2 25.Rxd2 Rxd2 26.Bc1 Ne4 27.Qh4 Re8 28.Bxd2 Nxd2 29.Rd1
Qxa2 30.Qf4 Qd5 31.f3 Nc4 32.Kh2 Ne3 33.Re1 d2 0-1

[Event "Cto. Equipos de Navarra DH 2018"]
[Site "?"]
[Date "2018.11.03"]
[Round "4"]
[White "Zamarbide Inarrea, Daniel"]
[Black "Roldan Marques, Daniel"]
[Result "1-0"]
[EventDate "2018.??.??"]
[EventCountry "ESP"]
[EventType "team"]
[EventRounds "7"]
[WhiteElo "2202"]
[BlackElo "2231"]

1.e4 e5 2.Nf3 Nc6 3.d4 exd4 4.Nxd4 Bb4 5.c3 Bc5 6.Be3 Bb6 7.Bc4 Nf6 8.Nxc6 bxc6
9.e5 Bxe3 10.fxe3 Nd5 11.O-O O-O 12.Bxd5 cxd5 13.Qxd5 Rb8 14.Rf2 Rb6 15.Na3 Bb7
16.Qd4 Rh6 17.Rd1 Bc6 18.Nc4 Qg5 19.Rdd2 Qh5 20.h3 Qg6 21.Kh2 Qe6 22.Rf4 a6
23.b3 Rg6 24.a4 Rg5 25.e4 Re8 26.Rdf2 Qg6 27.Rf5 h5 28.Ne3 h4 29.Ng4 Rb8 30.Qc4
Rxf5 31.exf5 Qg5 32.f6 Qc1 33.fxg7 Kxg7 34.Qxf7 Kh8 35.Rf5 1-0

[Event "Cto. Equipos de Navarra DH 2018"]
[Site "?"]
[Date "2018.11.03"]
[Round "4"]
[White "Sesma Rubio, Patxi"]
[Black "Vila Dupla, Aurelio"]
[Result "1-0"]
[EventDate "2018.??.??"]
[EventCountry "ESP"]
[EventType "team"]
[EventRounds "7"]
[WhiteElo "2166"]
[BlackElo "2168"]

1.e4 c5 2.Nf3 d6 3.Bb5 Bd7 4.Bxd7 Nxd7 5.O-O Ngf6 6.Qe2 e6 7.d4 cxd4 8.Nxd4 Be7
9.c4 O-O 10.Nc3 a6 11.b3 Re8 12.Bb2 Bf8 13.Rad1 Qc7 14.f4 e5 15.fxe5 dxe5 16.Nf5
b5 17.cxb5 Qb6 18.Kh1 axb5 19.Nd5 Qb7 20.Nh6 gxh6 21.Rxf6 Bg7 22.Rd6 Nf8 23.Rb6
Qa7 24.Rxb5 Qxa2 25.Nc7 Red8 26.Nxa8 Qxb2 27.Qf1 Rxd1 28.Qxd1 Ne6 29.Rb8 Bf8
30.Nc7 Nf4 31.Qf1 Qd2 32.g3 Nh3 33.Ne6 1-0

[Event "Cto. Equipos de Navarra DH 2018"]
[Site "?"]
[Date "2018.11.03"]
[Round "4"]
[White "Carasusan Izcue, Santiago"]
[Black "Garrido Lasheras, David"]
[Result "0-1"]
[EventDate "2018.??.??"]
[EventCountry "ESP"]
[EventType "team"]
[EventRounds "7"]
[WhiteElo "2185"]
[BlackElo "2082"]

1.c4 b6 2.Nc3 Bb7 3.d4 f5 4.Nf3 Nf6 5.g3 e6 6.Bg2 Be7 7.O-O O-O 8.b3 Ne4 9.Bb2
Bf6 10.Qc2 Na6 11.Rad1 Nxc3 12.Bxc3 Be4 13.Qb2 Qc8 14.b4 d5 15.b5 Nb8 16.Rc1 Qb7
17.c5 c6 18.a4 Nd7 19.cxb6 cxb5 20.bxa7 Rxa7 21.a5 Rb8 22.Bb4 Bd8 23.Ra1 Rba8
24.Qc3 Rc8 25.Qa3 Qa8 26.Nd2 Bxg2 27.Kxg2 Nb6 28.Bc5 Nc4 29.Nxc4 dxc4 30.Kh3
Rxa5 31.Qe3 Qe4 32.Qd2 g5 33.f3 Qa8 34.Rab1 Qd5 35.e4 fxe4 36.fxe4 Qxe4 37.Rf8
Kg7 38.Rxd8 Qf5 0-1

[Event "Cto. Equipos de Navarra DH 2018"]
[Site "?"]
[Date "2018.11.03"]
[Round "4"]
[White "Laguardia Ortega, Moises"]
[Black "Labiano Hernandez, Juan"]
[Result "1/2-1/2"]
[EventDate "2018.??.??"]
[EventCountry "ESP"]
[EventType "team"]
[EventRounds "7"]
[WhiteElo "1995"]
[BlackElo "2041"]

1.e4 e5 2.Nf3 Nf6 3.Nxe5 Nxe4 4.Qe2 Qe7 5.Qxe4 d6 6.d4 dxe5 7.dxe5 Nc6 8.Nc3
Qxe5 9.Qxe5 Nxe5 10.Nb5 Bb4 11.Bd2 Bxd2 12.Kxd2 Kd8 13.Re1 f6 14.f4 Ng6 15.g3
Bd7 16.Bc4 c6 17.Nd4 Kc7 18.h4 Rhe8 19.Bf7 Rxe1 20.Rxe1 Kd6 21.Bxg6 hxg6 22.c4
b6 23.Kc3 c5 24.Nc2 Re8 25.Rxe8 Bxe8 26.Ne3 Bd7 27.Kd3 a6 28.b3 b5 29.a3 Be6
1/2-1/2

[Event "Cto. Equipos de Navarra DH 2018"]
[Site "?"]
[Date "2018.11.03"]
[Round "4"]
[White "Vinal Gutierrez, Pedro"]
[Black "Martinez Bernardo, Aitor"]
[Result "0-1"]
[EventDate "2018.??.??"]
[EventCountry "ESP"]
[EventType "team"]
[EventRounds "7"]
[WhiteElo "2040"]
[BlackElo "1921"]

1.d4 Nf6 2.Bf4 g6 3.e3 Bg7 4.Nf3 d6 5.h3 O-O 6.Be2 Nbd7 7.O-O c5 8.c3 a6 9.a4 b6
10.Nbd2 Bb7 11.Qb1 Re8 12.Rd1 e5 13.dxe5 dxe5 14.Bh2 Nd5 15.Ne4 Qe7 16.c4 Nb4
17.Nd6 Reb8 18.Nxb7 Rxb7 19.Ne1 e4 20.Nc2 Be5 21.Nxb4 Bxh2 22.Kxh2 cxb4 23.Qc2
Nc5 24.Rd4 a5 25.Rad1 Rd7 26.b3 Rad8 27.Kg1 Qe5 28.Rxd7 Rxd7 29.Rxd7 Nxd7 30.Qd2
Nc5 31.Qd8 Kg7 32.Bd1 Qc3 33.Qd4 Kf8 34.Kf1 Nd3 35.Qxc3 bxc3 36.Bc2 Nb4 37.Bxe4
c2 38.Bxc2 Nxc2 39.Ke2 Ke7 40.Kd3 Nb4 41.Kd4 Kd6 42.e4 Nc6 43.Ke3 Kc5 44.f4 Nd4
45.g4 Nxb3 46.e5 Kc6 47.f5 Kd7 48.h4 Nc5 49.Kd4 Nxa4 50.h5 g5 51.e6 Ke7 52.Ke5
fxe6 53.fxe6 Nc5 0-1